Attitudes to sustainable development in the housing capacity debate (Record no. 62440)

MARC details
000 -LEADER
fixed length control field 00846cam a2200229 4500
001 - CONTROL NUMBER
control field ABS61782
008 - FIXED-LENGTH DATA ELEMENTS--GENERAL INFORMATION
fixed length control field 000000n1999 000 0 eng u
035 ## - SYSTEM CONTROL NUMBER
System control number (Sirsi) u104037
100 ## - MAIN ENTRY--PERSONAL NAME
Personal name Counsell, D.
245 ## - TITLE STATEMENT
Title Attitudes to sustainable development in the housing capacity debate
260 ## - PUBLICATION, DISTRIBUTION, ETC.
Date of publication, distribution, etc. 1999
490 ## - SERIES STATEMENT
Series statement Town Planning Review
Volume/sequential designation 70(2) April 1999, 213-229(9)
520 ## - SUMMARY, ETC.
Summary, etc. Using the West Sussex Structure Plan as a case study, this article highlights various aspects of the debate about how to acccomodate the rising demand for new houses in the south east in the most sustainable manner.
590 ## - LOCAL NOTE (RLIN)
Local note ABS
650 ## - SUBJECT ADDED ENTRY--TOPICAL TERM
Topical term or geographic name entry element WEST SUSSEX
650 ## - SUBJECT ADDED ENTRY--TOPICAL TERM
Topical term or geographic name entry element HOUSEHOLD PROJECTIONS
650 ## - SUBJECT ADDED ENTRY--TOPICAL TERM
Topical term or geographic name entry element NEW HOMES
650 ## - SUBJECT ADDED ENTRY--TOPICAL TERM
Topical term or geographic name entry element HOUSING DEVELOPMENT
650 ## - SUBJECT ADDED ENTRY--TOPICAL TERM
Topical term or geographic name entry element SUSTAINABLE DEVELOPMENT
690 ## - LOCAL SUBJECT ADDED ENTRY--TOPICAL TERM (OCLC, RLIN)
Topical term or geographic name as entry element PROPERTY-PROPERTY DEVELOPMENT
942 ## - ADDED ENTRY ELEMENTS (KOHA)
Suppress in OPAC 0
Holdings
Withdrawn status Lost status Source of classification or shelving scheme Damaged status Not for loan Home library Current library Shelving location Date acquired Total Checkouts Full call number Barcode Date last seen Copy number Price effective from Koha item type
    Dewey Decimal Classification     London London Journal article 04/02/2000   ABS61782 104037-1001 06/08/2019 1 06/08/2019 Journal article